[Event "Euskadi-ch"]
[Site "Zornotza"]
[Date "2015.04.11"]
[Round "6"]
[White "Astasio Lopez, David"]
[Black "Ruiz Gomez, Alejandro"]
[Result "1-0"]
[WhiteElo "2401"]
[BlackElo "2397"]
[PlyCount "69"]
[EventDate "2015.04.06"]
[EventType "swiss"]
[EventRounds "7"]
[EventCountry "ESP"]
[SourceTitle "EXT 2018"]
[Source "ChessBase"]
[SourceDate "2017.10.13"]
[SourceVersion "1"]
[SourceVersionDate "2017.10.13"]
[SourceQuality "1"]

1. d4 f5 2. Bg5 c5 3. dxc5 Qa5+ 4. Nc3 e6 5. a3 Qxc5 6. Nf3 Nf6 7. Bxf6 gxf6 8. e4 Be7 9. exf5 Qxf5 10. Bd3 Qg4 11. Qe2 Nc6 12. h3 Qg7 13. h4 a6 14. Qe3 b5 15. Rh3 f5 16. Rd1 Rb8 17. Kf1 Qf6 18. Qf4 b4 19. Ne2 Qxb2 20. axb4 Rxb4 21. Qc7 0-0 22. Rg3+ Rg4 23. Rxg4+ fxg4 24. Qg3 Qg7 25. Nh2 h5 26. Nf4 Qe5 27. Nxg4 hxg4 28. Qxg4+ Qg7 29. Ng6 Bc5 30. f3 Rf6 31. h5 Kf7 32. Qg5 d6 33. Rb1 Ne5 34. Rb8 Bd7 35. Nh8+ 1-0

[Event "Euskadi-ch"]
[Site "Zornotza"]
[Date "2015.04.10"]
[Round "5"]
[White "Astasio Lopez, David"]
[Black "Jimenez Almeida, Luis David"]
[Result "1/2-1/2"]
[WhiteElo "2401"]
[BlackElo "2225"]
[PlyCount "47"]
[EventDate "2015.04.06"]
[EventType "swiss"]
[EventRounds "7"]
[EventCountry "ESP"]
[SourceTitle "EXT 2018"]
[Source "ChessBase"]
[SourceDate "2017.10.13"]
[SourceVersion "1"]
[SourceVersionDate "2017.10.13"]
[SourceQuality "1"]

1. d4 f5 2. Nc3 Nf6 3. Bg5 d5 4. Bxf6 exf6 5. e3 Be6 6. Bb5+ c6 7. Bd3 g6 8. h3 h5 9. Qf3 Bf7 10. Nge2 Bd6 11. g4 hxg4 12. hxg4 Rxh1+ 13. Qxh1 fxg4 14. e4 Nd7 15. exd5 cxd5 16. Nxd5 Qa5+ 17. Ndc3 0-0-0 18. Qh7 Qh5 19. Qxf7 Qh1+ 20. Kd2 Qh6+ 21. Kd1 Qh1+ 22. Kd2 Qh6+ 23. Ke1 Qh1+ 24. Kd2 1/2-1/2